000 00365nam a2200133Ia 4500
008 211119s9999||||xx |||||||||||||| ||und||
082 _a823
_bKHA-T
100 _aKhan, Uzma Aslam
245 0 _aThinner Than Skin
260 _bHarpercollins
_a2012
_cNoida
300 _a346p
650 _aEnglish Literature
_vEnglish fictionGeneralia
_xGeneral stack
942 _cBOOK
999 _c116218
_d116218